[Event "Sherbrooke, Perpetuelles 11-15"]
[Site "Sherbrooke CAN"]
[Date "2003.09.12"]
[Round "4"]
[White "Grenier, Jean-Pierre"]
[Black "Pilotte, Benoit"]
[Result "1/2-1/2"]
[WhiteElo "1583"]
[BlackElo "1689"]
[PlyCount "170"]
[EventDate "2003.08.22"]
[EventType "swiss"]
[EventRounds "5"]
[EventCountry "CAN"]

1. d4 Nf6 2. Nf3 g6 3. e3 Bg7 4. Bd3 d6 5. Nbd2 Nc6 6. a3 e5 7. O-O Qe7 8. dxe5
dxe5 9. e4 Nh5 10. b4 a6 11. Nc4 b5 12. Ne3 Nf4 13. Nd5 Nxd5 14. exd5 e4 15.
Rb1 exf3 16. dxc6 fxg2 17. Re1 Be6 18. Be4 Rd8 19. Qf3 O-O 20. Be3 Qh4 21. Bf4
f5 22. Bd3 Bd5 23. Qe3 Rfe8 24. Qd2 h6 25. Rxe8+ Rxe8 26. Bxf5 Bxc6 27. Bxg6
Rf8 28. Bg3 Qf6 29. Bd3 Qc3 30. Qxc3 Bxc3 31. a4 bxa4 32. Bxa6 Bd5 33. Rd1 c6
34. b5 Bc4 35. Kxg2 Bxb5 36. Bb7 a3 37. Bd6 Rf7 38. Bc8 Be2 39. Rc1 Rg7+ 40.
Kh3 a2 41. Be6+ Kh7 42. Bxa2 Bg4+ 43. Kh4 Bf6+ 44. Kg3 Be6+ 45. Kf3 Bxa2 46.
Re1 Bd5+ 47. Ke2 Bc3 48. Rb1 Bc4+ 49. Ke3 Rd7 50. Bc5 Bd2+ 51. Kf3 Bg5 52. Rb4
Rf7+ 53. Ke4 Bd5+ 54. Kd3 Rf3+ 55. Ke2 Rh3 56. Bd6 Bf3+ 57. Ke1 Bd5 58. Ke2 Kg6
59. Bg3 Be7 60. Rg4+ Kf5 61. Rf4+ Ke6 62. Rg4 Bg5 63. Kd3 h5 64. Rxg5 h4 65. c4
Bg2 66. Re5+ Kf6 67. Re1 hxg3 68. hxg3 Rh5 69. Rg1 Bf3 70. Ke3 Bg4 71. f3 Re5+
72. Kf4 Be6 73. Rh1 Rc5 74. Rh6+ Kf7 75. Rh7+ Kg6 76. Re7 Bxc4 77. g4 Kf6 78.
Re4 Bd5 79. Re3 Rc4+ 80. Kg3 Kg5 81. Re5+ Kf6 82. Rf5+ Kg6 83. Kh4 Rc3 84. Rg5+
Kf7 85. Rf5+ Kg6 1/2-1/2

[Event "Sherbrooke, Perpetuelles 11-15"]
[Site "Sherbrooke CAN"]
[Date "2003.09.12"]
[Round "4"]
[White "Saziouk, Alexandre"]
[Black "Alain, Christian"]
[Result "1-0"]
[WhiteElo "1756"]
[BlackElo "1659"]
[PlyCount "59"]
[EventDate "2003.08.22"]
[EventType "swiss"]
[EventRounds "5"]
[EventCountry "CAN"]

1. d4 e6 2. c4 d5 3. Nc3 dxc4 4. e3 c6 5. Bxc4 b5 6. Bb3 Bb7 7. Nf3 Nf6 8. O-O
a6 9. a3 Nbd7 10. Qe2 c5 11. Rd1 cxd4 12. exd4 Nb6 13. Bg5 Be7 14. Rd3 O-O 15.
Re1 Nfd5 16. Bxe7 Qxe7 17. g3 Nxc3 18. Rxc3 Nd5 19. Rc5 Qf6 20. Ne5 Rfd8 21.
Rec1 g6 22. Bxd5 exd5 23. Qg4 Qe6 24. Qh4 Rac8 25. Rc7 Rf8 26. Nd7 Rfd8 27.
Rxc8 Rxc8 28. Rxc8+ Bxc8 29. Qd8+ Kg7 30. Qf8# 1-0

[Event "Sherbrooke, Perpetuelles 11-15"]
[Site "Sherbrooke CAN"]
[Date "2003.09.19"]
[Round "5"]
[White "Duclos, Alain"]
[Black "Belanger, Jean Sebastien"]
[Result "1-0"]
[WhiteElo "1646"]
[BlackElo "1440"]
[PlyCount "71"]
[EventDate "2003.08.22"]
[EventType "swiss"]
[EventRounds "5"]
[EventCountry "CAN"]

1. e4 c6 2. d4 d5 3. Nc3 dxe4 4. Nxe4 Nf6 5. Nxf6+ exf6 6. c3 Nd7 7. Bd3 Bd6 8.
Qc2 h6 9. Ne2 Qc7 10. Be3 Nb6 11. c4 Bb4+ 12. Nc3 Be6 13. a3 Bxc3+ 14. Qxc3 Qd7
15. a4 Bf5 16. a5 Nc8 17. O-O O-O 18. Rfd1 Nd6 19. Bf4 Bxd3 20. Rxd3 Rfd8 21.
d5 Ne4 22. Qa3 Qf5 23. Rf3 cxd5 24. Bc7 Qg6 25. Bxd8 Rxd8 26. Qe7 Rd6 27. cxd5
Rxd5 28. Qxb7 Rg5 29. g3 h5 30. Qxa7 h4 31. Qb8+ Kh7 32. a6 Nd2 33. Rf4 hxg3
34. Rh4+ Rh5 35. Rxh5+ Qxh5 36. Qxg3 1-0

[Event "Sherbrooke, Perpetuelles 11-15"]
[Site "Sherbrooke CAN"]
[Date "2003.09.19"]
[Round "5"]
[White "Jolin, Fernand"]
[Black "Denomme, Michael"]
[Result "1-0"]
[WhiteElo "1380"]
[BlackElo "1259"]
[PlyCount "43"]
[EventDate "2003.08.22"]
[EventType "swiss"]
[EventRounds "5"]
[EventCountry "CAN"]

1. Nf3 c5 2. Nc3 Nf6 3. g3 Nc6 4. a3 d5 5. d4 e5 6. dxe5 Ng4 7. Bg2 d4 8. Ne4
Ngxe5 9. Nxe5 Nxe5 10. O-O f5 11. Bf4 Ng4 12. h3 fxe4 13. hxg4 g5 14. Be5 Rg8
15. Bxe4 Qe7 16. f4 gxf4 17. gxf4 Bxg4 18. Bg2 Bh3 19. Rf2 O-O-O 20. Qd3 Qh4
21. Qf3 Be7 22. Qxb7# 1-0

[Event "Sherbrooke, Perpetuelles 11-15"]
[Site "Sherbrooke CAN"]
[Date "2003.09.19"]
[Round "5"]
[White "Ouellet-Lahaie, Didier"]
[Black "Courteau, Bernard"]
[Result "0-1"]
[WhiteElo "1443"]
[BlackElo "1715"]
[PlyCount "60"]
[EventDate "2003.08.22"]
[EventType "swiss"]
[EventRounds "5"]
[EventCountry "CAN"]

1. e4 e5 2. Nf3 Nc6 3. Bb5 a6 4. Ba4 Nf6 5. O-O b5 6. Bb3 d6 7. Re1 Na5 8. d4
exd4 9. e5 dxe5 10. Nxe5 Be7 11. Bxf7+ Kf8 12. Bh5 c5 13. Nf7 Qe8 14. Bg5 Rg8
15. Bxf6 gxf6 16. Nh6 Rg6 17. Nf5 Bxf5 18. Bxg6 Qxg6 19. Qf3 Rd8 20. Nd2 Bxc2
21. Re2 Nc4 22. Nxc4 bxc4 23. Rae1 d3 24. Rxe7 d2 25. Re8+ Rxe8 26. Rxe8+ Kxe8
27. Qc6+ Kf8 28. Qd6+ Kg7 29. Qd7+ Qf7 30. Qxd2 Bd3 0-1

[Event "Sherbrooke, Perpetuelles 11-15"]
[Site "Sherbrooke CAN"]
[Date "2003.09.19"]
[Round "5"]
[White "Pilotte, Benoit"]
[Black "Lopez, Jose"]
[Result "0-1"]
[WhiteElo "1689"]
[BlackElo "1677"]
[PlyCount "60"]
[EventDate "2003.08.22"]
[EventType "swiss"]
[EventRounds "5"]
[EventCountry "CAN"]

1. b4 Nf6 2. Bb2 e6 3. a3 d5 4. e3 Nbd7 5. f4 Nb6 6. Nc3 Bd7 7. Nf3 c5 8. bxc5
Bxc5 9. Ne5 O-O 10. g4 d4 11. exd4 Bxd4 12. g5 Bxc3 13. dxc3 Nfd5 14. Qf3 Na4
15. Rb1 Nxb2 16. Rxb2 Qc7 17. c4 Nb6 18. Bd3 Bc6 19. Qh3 g6 20. Rxb6 axb6 21.
Ng4 h5 22. Nf6+ Kg7 23. O-O Rxa3 24. f5 exf5 25. Qe3 Qd6 26. Qxb6 Qe5 27. Qf2
Ra1 28. Rxa1 Qxa1+ 29. Bf1 Qe5 30. Qd2 Qc5+ 0-1

[Event "Sherbrooke, Perpetuelles 6-10"]
[Site "Sherbrooke CAN"]
[Date "2003.07.18"]
[Round "1"]
[White "Belanger, Jean Sebastien"]
[Black "Grenier, Jean-Pierre"]
[Result "0-1"]
[WhiteElo "1440"]
[BlackElo "1583"]
[PlyCount "62"]
[EventDate "2003.07.18"]
[EventType "swiss"]
[EventRounds "5"]
[EventCountry "CAN"]

1. e4 c5 2. f4 Nc6 3. Nf3 Nf6 4. Nc3 d6 5. Bb5 Bd7 6. O-O a6 7. Bxc6 Bxc6 8. d4
Nxe4 9. Nxe4 Bxe4 10. Ng5 Bc6 11. a4 h6 12. d5 Bd7 13. Qf3 hxg5 14. fxg5 f6 15.
gxf6 gxf6 16. Qg3 Qb6 17. Qg6+ Kd8 18. c4 a5 19. Rxf6 Be8 20. Qf5 Rh5 21. Qxh5
Bxh5 22. Rxf8+ Be8 23. Ra3 Qb4 24. Rc3 Qxa4 25. h4 Qd1+ 26. Kh2 Kd7 27. Bg5 e5
28. dxe6+ Kc6 29. Rh8 Qd4 30. Rg8 Qe5+ 31. Kh3 Qxe6+ 0-1

[Event "Sherbrooke, Perpetuelles 6-10"]
[Site "Sherbrooke CAN"]
[Date "2003.07.18"]
[Round "1"]
[White "Courteau, Bernard"]
[Black "Saziouk, Alexandre"]
[Result "0-1"]
[WhiteElo "1715"]
[BlackElo "1756"]
[PlyCount "34"]
[EventDate "2003.07.18"]
[EventType "swiss"]
[EventRounds "5"]
[EventCountry "CAN"]

1. d4 Nf6 2. c4 e5 3. d5 Bc5 4. Nf3 d6 5. Bg5 Bxf2+ 6. Kxf2 Ne4+ 7. Ke1 Nxg5 8.
h4 Ne4 9. Nbd2 Ng3 10. Rh2 Nd7 11. Qc2 Nf6 12. e4 Ng4 13. Qd3 Nxh2 14. Nxh2
Qxh4 15. Nhf3 Qf4 16. Kf2 O-O 17. Kg1 f5 0-1

[Event "Sherbrooke, Perpetuelles 6-10"]
[Site "Sherbrooke CAN"]
[Date "2003.07.18"]
[Round "1"]
[White "Duclos, Alain"]
[Black "Dumoulin, Sylvain"]
[Result "0-1"]
[WhiteElo "1646"]
[BlackElo "1686"]
[PlyCount "114"]
[EventDate "2003.07.18"]
[EventType "swiss"]
[EventRounds "5"]
[EventCountry "CAN"]

1. e4 Nc6 2. Nf3 e5 3. Bb5 g6 4. O-O Bg7 5. c3 Nce7 6. Re1 c6 7. Ba4 d6 8. h3
f5 9. exf5 gxf5 10. d4 e4 11. Nh2 Be6 12. Nd2 Nf6 13. Ndf1 Qd7 14. Qe2 O-O-O
15. Bg5 Ng6 16. f3 d5 17. b4 Rde8 18. b5 Qc7 19. bxc6 bxc6 20. Qa6+ Kd7 21.
Bxf6 Bxf6 22. Rab1 Rb8 23. Nd2 Rb6 24. Rxb6 Qxb6 25. Nb3 Be7 26. Qe2 Nf4 27.
Qc2 Rg8 28. Re2 Nxh3+ 29. Kh1 Nf4 30. fxe4 Nxe2 31. Qxe2 fxe4 32. Nf1 Bg4 33.
Qf2 Rf8 34. Qe1 Qa6 35. Ne3 Qxa4 36. Nxg4 Qxa2 37. Nc5+ Bxc5 38. dxc5 Ke6 39.
Qg3 Qb1+ 40. Kh2 Qb8 41. Ne3 Qxg3+ 42. Kxg3 a5 43. Nc2 a4 44. Nd4+ Kd7 45. Nc2
e3 46. Nxe3 a3 47. Nc2 a2 48. Na1 Rf1 49. Nc2 Rc1 50. Nd4 a1=Q 51. Nf3 Rxc3 52.
Kg4 Rxf3 53. gxf3 Ke6 54. f4 Kf6 55. Kf3 Kf5 56. Ke3 d4+ 57. Kd3 Kxf4 0-1

[Event "Sherbrooke, Perpetuelles 6-10"]
[Site "Sherbrooke CAN"]
[Date "2003.07.18"]
[Round "1"]
[White "Lewis, Claude"]
[Black "Ouellet-Lahaie, Didier"]
[Result "0-1"]
[WhiteElo "1458"]
[BlackElo "1443"]
[PlyCount "110"]
[EventDate "2003.07.18"]
[EventType "swiss"]
[EventRounds "5"]
[EventCountry "CAN"]

1. e4 e5 2. Nf3 Nc6 3. d4 exd4 4. Bc4 Bb4+ 5. c3 dxc3 6. O-O Nge7 7. Nxc3 Bxc3
8. bxc3 d6 9. Ng5 Ne5 10. Bb3 h6 11. f4 hxg5 12. fxe5 Be6 13. exd6 Qxd6 14.
Qxd6 cxd6 15. Bxg5 Rh5 16. Bf4 d5 17. Ba4+ Bd7 18. Bxd7+ Kxd7 19. Rfd1 Rc8 20.
Rac1 Rc4 21. Bg3 Rxe4 22. Rd4 Nc6 23. Rd2 Na5 24. Rd4 Rxd4 25. cxd4 Nc4 26. Re1
Rh6 27. Rb1 Rb6 28. Rxb6 Nxb6 29. Kf2 Ke6 30. Ke2 Nc4 31. h3 Kf5 32. Kd3 g5 33.
Bh2 Ke6 34. Bg3 f5 35. Bf2 f4 36. Bg1 Kf5 37. Bf2 Nd6 38. Be1 Ne4 39. Ke2 a6
40. Kf3 Nd6 41. Bd2 Nb5 42. g4+ fxg3 43. Kxg3 Nxd4 44. Kf2 Ne6 45. Kf3 b5 46.
a3 d4 47. Bc1 Nc5 48. Bd2 Ne4 49. Be1 Nc3 50. Bd2 a5 51. Bc1 b4 52. axb4 axb4
53. Bb2 d3 54. Bc1 Ne4 55. Ke3 d2 0-1

[Event "Sherbrooke, Perpetuelles 6-10"]
[Site "Sherbrooke CAN"]
[Date "2003.07.18"]
[Round "1"]
[White "Morin, Louis2"]
[Black "Thomsen, Gunther"]
[Result "1/2-1/2"]
[WhiteElo "1915"]
[BlackElo "1176"]
[PlyCount "95"]
[EventDate "2003.07.18"]
[EventType "swiss"]
[EventRounds "5"]
[EventCountry "CAN"]

1. e4 d6 2. d4 g6 3. Nf3 Bg7 4. Bc4 h6 5. Nc3 Nd7 6. O-O c5 7. Re1 Nb6 8. Bb5+
Bd7 9. e5 cxd4 10. Bxd7+ Qxd7 11. exd6 dxc3 12. Ne5 Bxe5 13. Rxe5 O-O-O 14.
Rc5+ Kb8 15. bxc3 exd6 16. Bf4 Nc8 17. Rb1 Ka8 18. Rcb5 Nb6 19. Be3 Qc7 20.
Bxb6 axb6 21. Rxb6 d5 22. Qd4 Ne7 23. Rxb7 Qxb7 24. Rxb7 Kxb7 25. Qb4+ Kc8 26.
Qxe7 Rd7 27. Qf6 Re8 28. Kf1 Re6 29. Qh8+ Kc7 30. Qxh6 d4 31. Qf4+ Rdd6 32.
cxd4 Kd7 33. d5 Rxd5 34. Qxf7+ Kd6 35. f4 Rd1+ 36. Kf2 Rd2+ 37. Kf3 Rxc2 38.
Kg4 Rxg2+ 39. Kf3 Rxh2 40. Qf8+ Kd7 41. Qf7+ Kd6 42. a4 Rh3+ 43. Kg4 Rh1 44.
Qf8+ Kd7 45. Qa8 Rg1+ 46. Kf3 Rf1+ 47. Kg4 Rg1+ 48. Kf3 1/2-1/2

[Event "Sherbrooke, Perpetuelles 6-10"]
[Site "Sherbrooke CAN"]
[Date "2003.07.18"]
[Round "1"]
[White "Viens, Nicolas"]
[Black "Jolin, Fernand"]
[Result "1-0"]
[WhiteElo "1239"]
[BlackElo "1380"]
[PlyCount "81"]
[EventDate "2003.07.18"]
[EventType "swiss"]
[EventRounds "5"]
[EventCountry "CAN"]

1. e4 e5 2. Nf3 d6 3. Nc3 Nf6 4. b3 Nc6 5. Bb5 Bd7 6. d3 a6 7. Bxc6 Bxc6 8. Bb2
Be7 9. Qe2 O-O 10. O-O-O Nd7 11. h4 a5 12. h5 Bg5+ 13. Kb1 h6 14. d4 Nb6 15.
dxe5 d5 16. Nd4 Qe8 17. exd5 Nxd5 18. Nxc6 Nxc3+ 19. Bxc3 Qxc6 20. Qf3 Qxf3 21.
gxf3 a4 22. Rd4 axb3 23. cxb3 Be7 24. a4 Bc5 25. Rd7 Rac8 26. Rg1 Bxf2 27. Rg2
Be3 28. e6 g5 29. hxg6 f6 30. e7 Rfe8 31. Bxf6 Bg5 32. Bxg5 hxg5 33. Rxg5 Kg7
34. f4 Kf6 35. g7 Kf7 36. g8=Q+ Rxg8 37. Rxg8 Rxg8 38. Rxc7 Rb8 39. Kc2 Ke6 40.
Kc3 Kd6 41. Rxb7 1-0

[Event "Sherbrooke, Perpetuelles 6-10"]
[Site "Sherbrooke CAN"]
[Date "2003.07.25"]
[Round "2"]
[White "Beaudry, Marc-Andre"]
[Black "Lewis, Claude"]
[Result "0-1"]
[WhiteElo "1440"]
[BlackElo "1458"]
[PlyCount "88"]
[EventDate "2003.07.18"]
[EventType "swiss"]
[EventRounds "5"]
[EventCountry "CAN"]

1. e4 d6 2. d4 Nf6 3. Bd3 g6 4. c4 Bg7 5. Qb3 O-O 6. Ne2 Nbd7 7. O-O c5 8. d5
Ne5 9. Bc2 Nfd7 10. h3 Nb6 11. Nd2 f5 12. f4 Nf7 13. exf5 Bxf5 14. Bxf5 gxf5
15. Ng3 Qd7 16. Re1 Nd8 17. Nf3 e6 18. Bd2 exd5 19. cxd5 c4 20. Qc2 Qb5 21. Bc3
Bxc3 22. Qxc3 Nxd5 23. Qd2 Nc6 24. Kh1 Rad8 25. Re6 Qc5 26. Rae1 Nf6 27. Nxf5
Qxf5 28. g4 Qd5 29. Qf2 Nd7 30. Kh2 Rxf4 31. Re8+ Rf8 32. Rxd8 Nxd8 33. Re3 Ne5
34. Kg3 Nxf3 35. Rxf3 Rxf3+ 36. Qxf3 Qxf3+ 37. Kxf3 Ne6 38. Ke4 Nc5+ 39. Kd4 b5
40. a3 Kf7 41. a4 a6 42. h4 Ke6 43. h5 Kf6 44. Kd5 Kg5 0-1

[Event "Sherbrooke, Perpetuelles 6-10"]
[Site "Sherbrooke CAN"]
[Date "2003.07.25"]
[Round "2"]
[White "Dumoulin, Sylvain"]
[Black "Lemelin, Marc"]
[Result "0-1"]
[WhiteElo "1686"]
[BlackElo "1650"]
[PlyCount "50"]
[EventDate "2003.07.18"]
[EventType "swiss"]
[EventRounds "5"]
[EventCountry "CAN"]

1. Nc3 d5 2. e4 d4 3. Nce2 e5 4. Ng3 Be6 5. Nf3 f6 6. Bb5+ c6 7. Ba4 Nd7 8. Bb3
Nc5 9. Bxe6 Nxe6 10. d3 Bb4+ 11. Bd2 Bxd2+ 12. Qxd2 Ne7 13. Nf5 c5 14. h4 Nxf5
15. exf5 Nf4 16. g3 Qd5 17. gxf4 Qxf3 18. Rg1 O-O 19. fxe5 Rae8 20. e6 Qxf5 21.
O-O-O Rxe6 22. Qa5 Rfe8 23. Qxa7 Qxf2 24. Qxb7 Qe3+ 25. Kb1 Qxg1 0-1

[Event "Sherbrooke, Perpetuelles 6-10"]
[Site "Sherbrooke CAN"]
[Date "2003.07.25"]
[Round "2"]
[White "Grenier, Jean-Pierre"]
[Black "Duclos, Alain"]
[Result "0-1"]
[WhiteElo "1583"]
[BlackElo "1646"]
[PlyCount "33"]
[EventDate "2003.07.18"]
[EventType "swiss"]
[EventRounds "5"]
[EventCountry "CAN"]

1. e4 c5 2. Nf3 e6 3. d4 cxd4 4. Nxd4 Nf6 5. Nc3 d6 6. Bc4 Be7 7. Bg5 a6 8. Qe2
O-O 9. O-O-O Nxe4 10. Nxe4 Bxg5+ 11. Nxg5 Qxg5+ 12. Kb1 d5 13. Nf3 Qf6 14. Bd3
Nc6 15. g4 e5 16. Bf5 e4 17. Bxc8 0-1

[Event "Sherbrooke, Perpetuelles 6-10"]
[Site "Sherbrooke CAN"]
[Date "2003.07.25"]
[Round "2"]
[White "Ouellet-Lahaie, Didier"]
[Black "Viens, Nicolas"]
[Result "1-0"]
[WhiteElo "1443"]
[BlackElo "1239"]
[PlyCount "76"]
[EventDate "2003.07.18"]
[EventType "swiss"]
[EventRounds "5"]
[EventCountry "CAN"]

1. e4 e5 2. Nf3 d6 3. d4 Be7 4. dxe5 Be6 5. Nc3 Nd7 6. exd6 cxd6 7. Be3 Ngf6 8.
Be2 O-O 9. O-O a6 10. Nd4 Ne5 11. h3 Qd7 12. f4 Nc6 13. f5 Nxd4 14. Qxd4 Rac8
15. fxe6 fxe6 16. a4 e5 17. Bc4+ Kh8 18. Qd3 Nh5 19. Nd5 Rc6 20. Rxf8+ Bxf8 21.
b4 Qc8 22. Bb3 b5 23. axb5 axb5 24. Qxb5 h6 25. Rf1 Nf6 26. Nxf6 gxf6 27. Rxf6
Rc7 28. Bxh6 Bxh6 29. Rxh6+ Kg7 30. Re6 Rb7 31. Qf1 Rf7 32. Qe2 Qf8 33. Qg4+
Kh8 34. Qh5+ Rh7 35. Qe8 Qxe8 36. Rxe8+ Kg7 37. Re7+ Kg6 38. Rxh7 Kxh7 1-0

[Event "Sherbrooke, Perpetuelles 6-10"]
[Site "Sherbrooke CAN"]
[Date "2003.07.25"]
[Round "2"]
[White "Pilotte, Benoit"]
[Black "Courteau, Bernard"]
[Result "1-0"]
[WhiteElo "1689"]
[BlackElo "1715"]
[PlyCount "79"]
[EventDate "2003.07.18"]
[EventType "swiss"]
[EventRounds "5"]
[EventCountry "CAN"]

1. f4 d5 2. Nf3 Nf6 3. e3 a6 4. d4 Nc6 5. c4 Bf5 6. Nc3 e6 7. a3 Be7 8. Ne5 Ne4
9. Nxe4 Bxe4 10. Bd3 Bh4+ 11. Ke2 Nxe5 12. fxe5 Bxd3+ 13. Kxd3 dxc4+ 14. Kxc4
Qd5+ 15. Kd3 c5 16. Qg4 Qb3+ 17. Ke2 Qc4+ 18. Kd1 Qb3+ 19. Ke2 Qb5+ 20. Kd1 O-O
21. Qxh4 Rad8 22. Qg3 cxd4 23. e4 d3 24. Bh6 Qb3+ 25. Ke1 d2+ 26. Bxd2 Rd3 27.
Qf4 Rfd8 28. Rf1 f6 29. Rd1 Qxb2 30. exf6 Rxd2 31. Rxd2 Qc1+ 32. Ke2 Qc4+ 33.
Kd1 Qb3+ 34. Ke1 Qb1+ 35. Kf2 Qb6+ 36. Kg3 Rf8 37. f7+ Kh8 38. Qd6 Qe3+ 39. Rf3
Qg5+ 40. Kf2 1-0

[Event "Sherbrooke, Perpetuelles 6-10"]
[Site "Sherbrooke CAN"]
[Date "2003.07.25"]
[Round "2"]
[White "Thomsen, Gunther"]
[Black "Morin, Laurent"]
[Result "1-0"]
[WhiteElo "1176"]
[BlackElo "851"]
[PlyCount "53"]
[EventDate "2003.07.18"]
[EventType "swiss"]
[EventRounds "5"]
[EventCountry "CAN"]

1. Nf3 Nc6 2. d4 d6 3. e3 e5 4. Bc4 e4 5. Nfd2 d5 6. Be2 Nf6 7. a3 Bd6 8. c4 b6
9. cxd5 Nxd5 10. Nxe4 Bf5 11. Bf3 O-O 12. O-O Qh4 13. Nxd6 cxd6 14. Bxd5 Rac8
15. e4 Bxe4 16. Bxe4 Qxe4 17. Nc3 Qxd4 18. Qxd4 Nxd4 19. Bf4 Rfd8 20. Nd5 Ne2+
21. Kh1 Rc2 22. Rad1 Rxb2 23. Ne7+ Kf8 24. Bxd6 Ke8 25. Nf5 Nc3 26. Nxg7+ Kd7
27. Be5+ 1-0

[Event "Sherbrooke, Perpetuelles 6-10"]
[Site "Sherbrooke CAN"]
[Date "2003.08.01"]
[Round "3"]
[White "Boutin, Andre"]
[Black "Grenier, Jean-Pierre"]
[Result "0-1"]
[WhiteElo "1491"]
[BlackElo "1583"]
[PlyCount "120"]
[EventDate "2003.07.18"]
[EventType "swiss"]
[EventRounds "5"]
[EventCountry "CAN"]

1. Nf3 d5 2. c4 d4 3. d3 Nc6 4. g3 Bg4 5. Bg2 e5 6. O-O Bd6 7. b3 Qe7 8. Bg5
Nf6 9. Nbd2 h6 10. Bxf6 gxf6 11. e3 O-O-O 12. Qb1 dxe3 13. fxe3 Bc5 14. Re1 Qd7
15. Ne4 Bb4 16. Rd1 Qf5 17. Nh4 Qe6 18. Rc1 f5 19. Nc3 f4 20. exf4 exf4 21. Re1
Qf6 22. Nd5 Qd4+ 23. Kh1 Bxe1 24. Qxe1 fxg3 25. hxg3 Qxd3 26. Be4 Qe2 27. Qxe2
Bxe2 28. Bf5+ Kb8 29. Re1 Nd4 30. Kg1 Nf3+ 31. Nxf3 Bxf3 32. Bc2 Bxd5 33. cxd5
Rxd5 34. Re2 Rhd8 35. Kf2 Rd2 36. Bf5 Rxe2+ 37. Kxe2 Rd5 38. Bh7 c5 39. Bg8
Re5+ 40. Kf3 f6 41. Bf7 Kc7 42. a4 a6 43. Bc4 Kb6 44. Bf7 Ka5 45. Bc4 Kb4 46.
Bf7 b5 47. axb5 axb5 48. Bg8 c4 49. bxc4 bxc4 50. Bf7 Kb3 51. Bg8 Kc3 52. Bh7
Kd2 53. Bg6 c3 54. Bh7 f5 55. Kf4 Ra5 56. g4 c2 57. gxf5 c1=Q 58. f6 Ke2+ 59.
Kg4 Rg5+ 60. Kh4 Qh1# 0-1

[Event "Sherbrooke, Perpetuelles 6-10"]
[Site "Sherbrooke CAN"]
[Date "2003.08.01"]
[Round "3"]
[White "Corriveau, Philippe"]
[Black "Pilotte, Benoit"]
[Result "1-0"]
[WhiteElo "2097"]
[BlackElo "1689"]
[PlyCount "95"]
[EventDate "2003.07.18"]
[EventType "swiss"]
[EventRounds "5"]
[EventCountry "CAN"]

1. e4 d6 2. d4 Nf6 3. Nc3 g6 4. g3 Bg7 5. Bg2 O-O 6. Nge2 e5 7. h3 Nc6 8. Be3
Nh5 9. d5 Ne7 10. g4 Nf6 11. Qd2 h5 12. gxh5 Nxh5 13. O-O-O a6 14. Bf3 f5 15.
exf5 Nxf5 16. Bg5 Bf6 17. Bxf6 Nxf6 18. Rdg1 Kf7 19. h4 Rh8 20. Qg5 Ne7 21. Be4
Qg8 22. f4 Bf5 23. fxe5 Nxe4 24. Nxe4 Bxe4 25. Qf4+ Bf5 26. exd6 cxd6 27. Nd4
Nxd5 28. Qf3 Ne7 29. h5 Rh6 30. Nxf5 gxf5 31. Rxg8 Rxg8 32. Qxb7 d5 33. b4 Rc8
34. Rh2 Rhc6 35. a4 d4 36. Kb2 R8c7 37. Qb8 Nd5 38. h6 Rb6 39. Qxb6 Nxb6 40. h7
Rc8 41. h8=Q Rxh8 42. Rxh8 Nxa4+ 43. Kb3 Nc3 44. Rh6 f4 45. Rxa6 Ke7 46. Kc4 f3
47. Kxd4 Nd1 48. Ra1 1-0

[Event "Sherbrooke, Perpetuelles 6-10"]
[Site "Sherbrooke CAN"]
[Date "2003.08.01"]
[Round "3"]
[White "Jolin, Fernand"]
[Black "Ouellet-Lahaie, Didier"]
[Result "0-1"]
[WhiteElo "1380"]
[BlackElo "1443"]
[PlyCount "52"]
[EventDate "2003.07.18"]
[EventType "swiss"]
[EventRounds "5"]
[EventCountry "CAN"]

1. Nf3 Nf6 2. g3 b5 3. Bg2 Bb7 4. O-O e6 5. d4 c5 6. dxc5 Bxc5 7. Nbd2 d5 8. b3
O-O 9. Bb2 Nbd7 10. c4 dxc4 11. bxc4 Qb6 12. Bxf6 Nxf6 13. cxb5 Ng4 14. Qe1
Qxb5 15. Rb1 Qa6 16. e3 Rac8 17. h3 Nf6 18. Nb3 Bb6 19. Rb2 Qa3 20. Qb1 Rfd8
21. Nbd4 Be4 22. Nc2 Qa4 23. Rc1 Nd5 24. Nfd4 Bxd4 25. Bxe4 Bxb2 26. Qxb2 Qxe4
0-1

[Event "Sherbrooke, Perpetuelles 6-10"]
[Site "Sherbrooke CAN"]
[Date "2003.08.01"]
[Round "3"]
[White "Lemelin, Marc"]
[Black "Duclos, Alain"]
[Result "1/2-1/2"]
[WhiteElo "1650"]
[BlackElo "1646"]
[PlyCount "104"]
[EventDate "2003.07.18"]
[EventType "swiss"]
[EventRounds "5"]
[EventCountry "CAN"]

1. d4 Nf6 2. c4 g6 3. Nc3 Bg7 4. e4 d6 5. Nf3 O-O 6. Be2 e5 7. O-O Nc6 8. d5
Ne7 9. b4 Nh5 10. Re1 f5 11. Ng5 Nf6 12. Bf3 c6 13. Ne6 Bxe6 14. dxe6 fxe4 15.
Nxe4 Nxe4 16. Bxe4 d5 17. cxd5 cxd5 18. Bc2 e4 19. Rb1 Qd6 20. Rxe4 Rad8 21.
Re2 Rf6 22. Bb2 Rxe6 23. Rxe6 Qxe6 24. Bxg7 Kxg7 25. Qd4+ Kg8 26. Qxa7 Rc8 27.
Bb3 Qe4 28. Rd1 Qxb4 29. g3 Qb5 30. Qd4 Rd8 31. Qe5 Qd7 32. h4 Qd6 33. Qg5 Kg7
34. h5 h6 35. Qh4 g5 36. Qd4+ Qf6 37. Kg2 Qxd4 38. Rxd4 Kf6 39. Rb4 Rd7 40. Ba4
Rc7 41. f4 Nc6 42. fxg5+ Kxg5 43. Rb5 Rd7 44. Rc5 Rd6 45. Bb3 Ne7 46. Rc7 Nf5
47. Rxb7 Kxh5 48. Rb5 Kg4 49. Bd1+ Kg5 50. Bb3 Kf6 51. a4 Nd4 52. Rxd5 Rb6
1/2-1/2

[Event "Sherbrooke, Perpetuelles 6-10"]
[Site "Sherbrooke CAN"]
[Date "2003.08.01"]
[Round "3"]
[White "Morin, Laurent"]
[Black "Morin, Louis2"]
[Result "1-0"]
[WhiteElo "851"]
[BlackElo "1915"]
[PlyCount "110"]
[EventDate "2003.07.18"]
[EventType "swiss"]
[EventRounds "5"]
[EventCountry "CAN"]

1. e4 e5 2. Nf3 Nc6 3. g3 Nf6 4. d3 Be7 5. Be2 d5 6. Nbd2 b6 7. O-O Ba6 8. b4
d4 9. c4 Bxb4 10. a3 Be7 11. h3 O-O 12. Nh2 b5 13. Rb1 bxc4 14. Nxc4 Bxc4 15.
dxc4 Nxe4 16. Qd3 Nc3 17. Ra1 Nxe2+ 18. Qxe2 d3 19. Qe4 Nd4 20. Qxd3 Rb8 21. f4
Bc5 22. Kh1 Rb3 23. Qe4 f5 24. Qxe5 Bb6 25. Rd1 Re8 26. Qd5+ Qxd5+ 27. cxd5 Ne2
28. Nf1 Re4 29. Nd2 Nc3 30. Rf1 Ne2 31. Nxe4 fxe4 32. Re1 Nxg3+ 33. Kh2 Bf2 34.
Rd1 e3 35. Bd2 e2 36. Rdc1 Rb2 37. Be1 Nf1+ 38. Kh1 Be3 39. Rxc7 Bd2 40. Re7
Bxe1 41. Rxe1 g5 42. fxg5 Kf8 43. Re6 Kf7 44. Kg1 Ng3 45. Kf2 Nh1+ 46. Kf3 Rb3+
47. Re3 Rxe3+ 48. Kxe3 Ng3 49. Kf3 Nf5 50. Kxe2 Nd4+ 51. Kd1 Nb5 52. Re3 Nd4
53. d6 Nf5 54. Rd3 Ke8 55. Kd2 Kd7 1-0

[Event "Sherbrooke, Perpetuelles 6-10"]
[Site "Sherbrooke CAN"]
[Date "2003.08.01"]
[Round "3"]
[White "Soskic, Milan"]
[Black "Belanger, Jean Sebastien"]
[Result "0-1"]
[WhiteElo "1148"]
[BlackElo "1440"]
[PlyCount "56"]
[EventDate "2003.07.18"]
[EventType "swiss"]
[EventRounds "5"]
[EventCountry "CAN"]

1. d4 f5 2. c4 Nf6 3. Nc3 b6 4. Bf4 Bb7 5. e3 e6 6. Nf3 Bb4 7. Bd3 h6 8. O-O
Bxc3 9. bxc3 d6 10. h3 Nbd7 11. Bh2 g5 12. Ne1 Qe7 13. f3 h5 14. Nc2 g4 15. h4
Qg7 16. Bf4 gxf3 17. g3 e5 18. dxe5 dxe5 19. Bg5 e4 20. Be2 fxe2 21. Qxe2 Ne5
22. Rxf5 Nf3+ 23. Kh1 Nxg5 24. Rxg5 Qd7 25. Rd1 Qh3+ 26. Kg1 Ng4 27. Re5+ Nxe5
28. Nd4 Qxg3+ 0-1

[Event "Sherbrooke, Perpetuelles 6-10"]
[Site "Sherbrooke CAN"]
[Date "2003.08.01"]
[Round "3"]
[White "Viens, Nicolas"]
[Black "Thomsen, Gunther"]
[Result "1-0"]
[WhiteElo "1239"]
[BlackElo "1176"]
[PlyCount "99"]
[EventDate "2003.07.18"]
[EventType "swiss"]
[EventRounds "5"]
[EventCountry "CAN"]

1. e4 c5 2. Nf3 Nc6 3. d4 cxd4 4. Nxd4 g6 5. Nc3 e6 6. Be3 Bg7 7. Qd2 Nxd4 8.
Bxd4 Bxd4 9. Qxd4 Qf6 10. e5 Qd8 11. O-O-O Ne7 12. Nb5 O-O 13. h4 Nc6 14. Qf4
a6 15. Nd6 Qa5 16. Nc4 Qxa2 17. h5 b5 18. hxg6 fxg6 19. Qh6 Rf7 20. Nd6 Qa1+
21. Kd2 Qa5+ 22. Ke3 Qb6+ 23. Ke4 Nxe5 24. Nxf7 Bb7+ 25. Kxe5 Qc5+ 26. Kf6 Qf5+
27. Ke7 Qxf7+ 28. Kd6 a5 29. Bxb5 Bc6 30. Qg5 Bxb5 31. Qxb5 Qf4+ 32. Kxd7 Ra7+
33. Kxe6 Qf7+ 34. Kd6 Qf6+ 35. Kd5 Qf5+ 36. Kc6 Rc7+ 37. Kxc7 Qxb5 38. Rhe1
Qc5+ 39. Kd7 Qa7+ 40. Kd6 Qb6+ 41. Ke5 Qxb2+ 42. Kf4 Qb7 43. Kg3 Kg7 44. c4
Qc7+ 45. f4 h5 46. Re4 a4 47. Rde1 a3 48. Re7+ Qxe7 49. Rxe7+ Kh6 50. Ra7 1-0